Theresponsibleglobalist: what citizens of the world can learn from nationalism (Record no. 41492)

MARC details
000 -LEADER
fixed length control field 00411nam a2200133Ia 4500
008 - FIXED-LENGTH DATA ELEMENTS--GENERAL INFORMATION
fixed length control field 240719s9999 xx 000 0 und d
041 ## - LANGUAGE CODE
Language code of text/sound track or separate title eng
082 ## - DEWEY DECIMAL CLASSIFICATION NUMBER
Classification number 303.482 DAM
100 ## - MAIN ENTRY--PERSONAL NAME
Personal name Damluji Hassan
245 ## - TITLE STATEMENT
Title Theresponsibleglobalist: what citizens of the world can learn from nationalism
260 ## - PUBLICATION, DISTRIBUTION, ETC.
Place of publication, distribution, etc. United Kingdom
Name of publisher, distributor, etc. Allen Lane
Date of publication, distribution, etc. 2019
300 ## - PHYSICAL DESCRIPTION
Extent 208;.P. 22 cm
520 ## - SUMMARY, ETC.
Summary, etc. Faculty Purchase by Dr. Shyam S
Holdings
Withdrawn status Lost status Damaged status Not for loan Home library Current library Shelving location Date acquired Source of acquisition Cost, normal purchase price Total Checkouts Total Holds Full call number Barcode Date last seen Date last checked out Price effective from Koha item type
        IMTN IMTN Rack 6-B 10/06/2024 D C 799.00 1 32767 303.482 DAM 33541 10/13/2025 07/21/2024 05/16/2022 Books
Designed & Maintained by: LRC IMT Nagpur Contact: lrc@imtnag.ac.in© 2024. All Rights Reserved.